| 000 | 01527nam a22002537a 4500 | ||
|---|---|---|---|
| 003 | OSt | ||
| 005 | 20201020093428.0 | ||
| 008 | 201020t2000 gt a|||br|||| 00| j spa d | ||
| 020 | _a9992258705 | ||
| 040 |
_aCO-JMCR _cCO-JMCR |
||
| 041 | 0 | _aspa | |
| 082 | 0 | 4 |
_aC / _bASTc _223 |
| 100 | 1 |
_aAsturias, Miguel Ángel, _eautor _911707 |
|
| 245 | 1 | 4 |
_aLos cuentos del Cuyito / _cMiguel Ángel Asturias ; ilustraciones de Nivio López Vigil |
| 260 |
_aGuatemala : _bEditorial Piedra Santa, _c©2000 |
||
| 300 |
_a40 páginas : _bilustraciones a color ; _c23 cm. |
||
| 505 | 0 | _aLa paloma verde -- Corazón de aguacate -- Zopilotes blancos -- La maquinita de hablar -- Clarín clarinero | |
| 520 | 3 | _aEstos cuentos no los escribió Asturias con la intención "que fueran para niños"; los escribió para sus hijos Rodrigo y Miguel Ángel. Y son cuentos, pero fueron cartas que el autor escribió en Guatemala, para sus hijos que vivían en México; cinco cartas-cuentos fechadas entre enero y marzo de 1947. En esta edición, los cuentos guardan un orden cronológico; y, antes de cada uno, se incluyó un fragmento de la carta de la que formaba parte. Disfrutemos ahora estas páginas esplendorosas porque, como escribió el autor a propósito de ellas, la vida es también un contar de cuentos. | |
| 650 | 1 | 4 |
_aLiteratura guatemalteca _ySiglo xx _911708 |
| 650 | 1 | 4 |
_aCuentos infantiles guatemaltecos _911709 |
| 650 | 2 | 4 |
_aAves en la literatura _911710 |
| 700 | 1 |
_aLópez Vigil, Nivio, _eilustrador _911711 |
|
| 942 |
_2ddc _cBK |
||
| 999 |
_c6939 _d6939 |
||